00358nam a2200133 a 45000010010000000030011000100080041000210350026000620820016000881000020001042450028001242600042001526500030001940000-9309ELIB.Books110520 1973  a(ELIB.Books)0000-9461 a241.3 bMen aMenninger, Karl aWhatever Became of Sin? bNew York; Hawthorn Books, Inc. c1973 aChristian Education - Sin